| 000 | 00551nam a22001817a 4500 | ||
|---|---|---|---|
| 005 | 20251108164736.0 | ||
| 008 | 250721s1990 xx 000 0 ara d | ||
| 082 | 1 | 4 | _a808.5/ستي |
| 100 | 1 | _aستيوارد، كريس | |
| 245 | 1 | 0 | _aالمرشد إلى الخطابة / |
| 264 | 1 |
_aبيروت : _bالمؤسسة العربية للدراسات و النشر، _c1990.. |
|
| 300 | _a80ص | ||
| 650 | 1 | 7 | _aالخطابة |
| 700 | 1 | _aولكنسون، مايك | |
| 700 | 1 |
_aخوري، جورج _eترجمة |
|
| 942 |
_2ddc _cBK |
||
| 999 |
_c13235 _d13235 |
||